000
00151nam a22000857a 4500
001
1301005
005
20260424083157.0
245
_a
aa
_c
aaa
260
_b
aa
999
_c
1301005
_d
1301005